| 000 | nam a22 a 4500 | ||
|---|---|---|---|
| 999 |
_c167557 _d167557 |
||
| 003 | BLK | ||
| 005 | 20220502084531.0 | ||
| 008 | 180411b bul|||||r ||||||| ||bul|| | ||
| 010 | _aKNG00175368000 | ||
| 040 | _aBLK | ||
| 041 |
_aBUL _cBUL |
||
| 072 | 7 |
_2bullib _aК _xКраезнание |
|
| 080 |
_aЛозарство. Лози _b634.8 _x(497.21-22) _z634.8(497.21-22) |
||
| 100 | 1 |
_aТодоров, Иван _eпърви автор _gИванов, Иван Тодоров _9365065 |
|
| 139 |
_aТодоров, Иван _bТ 64 |
||
| 245 | 1 | 0 |
_aЧелният опит на пирговските лозари _cИван Тодоров. |
| 257 | _aBGR | ||
| 260 |
_aСофия _bЗемиздат _c1964 |
||
| 300 |
_a68 с. _bс ил. _c20 см |
||
| 380 | _a63 | ||
| 500 | _a1 470 тир. | ||
| 650 | 4 |
_aЛозарство - България _9258912 |
|
| 651 | 4 |
_aПиргово _9179366 |
|
| 651 | 4 |
_aРусенско _9179464 |
|
| 653 | _aлозарство | ||
| 653 | _aПиргово | ||
| 659 | _aК | ||
| 852 |
_aЦб 32345 _bЦб |
||
| 852 | _aК 63/Т 74 Ич | ||
| 856 | 4 | _qpdf | |
| 856 | 4 | _qpdf | |
| 942 |
_cKNG _n0 _01 _s1 |
||
| 944 |
_aCR _c15.05.2015 _l15.05.2015 - от С1,Р / 15.05.2015 _kВаля_Йорданова |
||
| 944 |
_aED _c29.07.2015 _l15.05.2015 - от С1,Р / 15.05.2015 _kВаля_Йорданова |
||